A FIRST COURSE IN LINEAR MODEL THEORY (Record no. 656)

MARC details
000 -LEADER
fixed length control field 00430nam a22001697a 4500
003 - CONTROL NUMBER IDENTIFIER
control field OSt
005 - DATE AND TIME OF LATEST TRANSACTION
control field 20210827104128.0
008 - FIXED-LENGTH DATA ELEMENTS--GENERAL INFORMATION
fixed length control field 210827b |||||||| |||| 00| 0 eng d
020 ## - INTERNATIONAL STANDARD BOOK NUMBER
International Standard Book Number 1-58488-247-6
040 ## - CATALOGING SOURCE
Transcribing agency HU
082 ## - DEWEY DECIMAL CLASSIFICATION NUMBER
Classification number 519.535/RAV
100 ## - MAIN ENTRY--PERSONAL NAME
Personal name Nalini Ravishanker and Dipak K. Dey
9 (RLIN) 534
245 ## - TITLE STATEMENT
Title A FIRST COURSE IN LINEAR MODEL THEORY
260 ## - PUBLICATION, DISTRIBUTION, ETC.
Place of publication, distribution, etc. Londen
Name of publisher, distributor, etc. Chapman &Hall/ CRC
300 ## - PHYSICAL DESCRIPTION
Extent 473
942 ## - ADDED ENTRY ELEMENTS (KOHA)
Source of classification or shelving scheme Dewey Decimal Classification
Koha item type Books like text book referance book
Suppress in OPAC No
Holdings
Withdrawn status Lost status Source of classification or shelving scheme Damaged status Not for loan Home library Current library Shelving location Date acquired Total Checkouts Full call number Barcode Date last seen Copy number Price effective from Koha item type
    Dewey Decimal Classification     Natural & Computational Science Library Natural & Computational Science Library General Stacks 08/27/2021   519.535 NSCLIB00002905 08/27/2021 2 08/27/2021 Books like text book referance book
    Dewey Decimal Classification     Natural & Computational Science Library Natural & Computational Science Library General Stacks 08/27/2021   519.535 NSCLIB00002906 08/27/2021 3 08/27/2021 Books like text book referance book
    Dewey Decimal Classification     Natural & Computational Science Library Natural & Computational Science Library General Stacks 08/27/2021   519.535 NSCLIB00002907 08/27/2021 4 08/27/2021 Books like text book referance book
    Dewey Decimal Classification     Natural & Computational Science Library Natural & Computational Science Library General Stacks 08/27/2021   519.535 NSCLIB00002908 08/27/2021 5 08/27/2021 Books like text book referance book
    Dewey Decimal Classification     Natural & Computational Science Library Natural & Computational Science Library General Stacks 08/27/2021   519.535 NSCLIB00002909 08/27/2021 6 08/27/2021 Books like text book referance book
    Dewey Decimal Classification     Natural & Computational Science Library Natural & Computational Science Library General Stacks 08/27/2021   519.535 NSCLIB00002910 08/27/2021 7 08/27/2021 Books like text book referance book
    Dewey Decimal Classification     Natural & Computational Science Library Natural & Computational Science Library General Stacks 08/27/2021   519.535 NSCLIB00002911 08/27/2021 8 08/27/2021 Books like text book referance book